Online Catalogue and eLibrary

Sri Lanka : (Record no. 2053)

MARC details
000 -LEADER
fixed length control field 00253nam a2200097Ia 4500
008 - FIXED-LENGTH DATA ELEMENTS--GENERAL INFORMATION
fixed length control field 240331s9999 xx 000 0 und d
082 ## - DDC Classification
Item Number - Author Mark TAM
100 ## - MAIN ENTRY--PERSONAL NAME
Personal name Tambiah, S.J
245 #0 - TITLE STATEMENT
Title Sri Lanka :
Remainder of title ethnic fraticide and the dismantling of democracy
942 ## - Koha item type (Biblio)
Koha item type Books in Stacks (Lending)

No items available.

© WERC Library